000
00304nam a22001457a 4500
003
SGT
082
_a
611
_b
G17A
100
_a
AGUR, ANNE M.R.
245
_a
GRANT'S ATLAS OF ANATOMY
250
_a
14TH
260
_a
INDIA
_b
WOLTTER KLUWER
_c
2017
300
_a
867
650
_a
ANATOMY
942
_2
ddc
_c
BK
999
_c
13965
_d
13965